Statistics for Inventions by Country #1

Click here to take the quiz!

General Stats

  • This quiz has been taken 41,845 times
  • The average score is 14 of 24

Answer Stats

InventionYearCountry% Correct
Airplane1903United States
96%
Gunpowder700sChina
91%
Automobile1885Germany
87%
Pizza?Italy
87%
Democracy400s BCGreece
82%
Basketball1891United States / Canada
81%
Espresso1884Italy
77%
Silk3500 BCChina
76%
Satellite1957Russia
73%
Golf1400sUnited Kingdom
69%
Locomotive1804United Kingdom
66%
Bikini1946France
61%
Psychoanalysis1890sAustria
58%
Hot Air Balloon1783France
56%
Dynamite1867Sweden
51%
Chess500sIndia
50%
Compass1000sChina
47%
Stock Market1602Netherlands
33%
Rubik's Cube1974Hungary
30%
Eyeglasses1286Italy
28%
Coffee1400sEthiopia / Yemen
27%
Monosodium Glutamate1908Japan
25%
Orange Carrot1500sNetherlands
23%
7-Day Week?Iraq
14%

Score Distribution

Percentile by Number Answered

Percent of People with Each Score

Your Score History

You have not taken this quiz